Metallurgy and plastics for engineers /

Bibliographic Details
Main Author: Nutt, Merle C.
Format: Book
Language:English
Published: ©1976
Subjects:

MARC

Tag First Indicator Second Indicator Subfields
LEADER 00000cam a2200000 i 4500
001 in00000099631
005 20150924160253.0
008 760809s1976 arua b 00110 eng d
010 |a  76019249  
035 |a (OCoLC)02360632 
035 |9 AAL0249AM 
040 |a AKR  |c AKR  |d OCL  |d TXA  |d UtOrBLW 
049 |a TXAM  |c 1 [1495249], 2 [1503537] 
090 |a TN665  |b .N79 
100 1 |a Nutt, Merle C. 
245 1 0 |a Metallurgy and plastics for engineers /  |c Merle C. Nutt. 
264 2 |a Phoenix :  |b Associated Lithographers : distributed outside the U.S.A. and Canada by Pergamon Press,  |c [1976] 
264 4 |c ©1976 
300 |a xv, 550 pages :  |b illustrations ;  |c 26 cm. 
336 |a text  |b txt  |2 rdacontent 
337 |a unmediated  |b n  |2 rdamedia 
338 |a volume  |b nc  |2 rdacarrier 
504 |a Includes bibliographies and index. 
650 0 |a Metallurgy. 
650 0 |a Plastics. 
999 |a MARS 
999 f f |s d2765f8e-7217-3932-a526-0feaf179c299  |i 9af5b215-9805-3a4a-ab24-24f0eb582e18  |t 0 
952 f f |p ric  |a Texas A&M University  |b Rellis Campus  |c Joint Library Facility  |d Remote Storage  |t 0  |e TN665 .N79  |h Library of Congress classification  |i unmediated -- volume  |m A14805578990 
998 f f |a TN665 .N79  |t 0  |l Remote Storage